Szczegóły MARC21

Wirtschaftsinformatik I : Einführung in die betriebliche Datenverarbeitung /

005 -DATA I CZAS OSTATNIEJ MODYFIKACJI [,]
    • @
    • pole kontrolne
    • 20070315155141.9
020 -Międzynarod. znormalizowany nr książki - ISBN [ , ]
    • a
    • Numer ISBN
    • 3825208028 Find
    • z
    • Błędny ISBN (P)
    • 3437402862 Find
040 -Instytucja sporządzająca opis [ , ]
    • a
    • Instytucja, która sporządziła opis (NP)
    • SZCZ U
    • c
    • Instytucja, która sporządziła rekord (NP)
    • SZCZ U
041 -Język dokumentu [0, ]
    • a
    • Język tekstu (P)
    • niemiecki
    • h
    • Język tekstu oryginalnego i/lub pośredniego (P)
    • niemiecki
942 -Rodzaj dokumentu [ , ]
    • c
    • Rodzaj dokumentu
    • Książka
100 -Hasło główne - nazwa osobowa [ , ]
    • a
    • Nazwa osobowa (NP)
    • HANSEN, HANS ROBERT
245 -Strefa tytułu i oznaczenia odpowiedzialności [1, ]
    • a
    • Tytuł
    • Wirtschaftsinformatik I : Find
    • b
    • Ciąg dalszy tytułu (NP)
    • Einführung in die betriebliche Datenverarbeitung / Find
    • c
    • Pozostałe elementy strefy tytułu i oznaczenia odpowiedzialności (NP)
    • Hans Robert Hansen.
250 -Strefa wydania [ , ]
    • a
    • Oznaczenie wydania (NP)
    • 6.,neubearb. und stark erw. Aufl.
260 -Strefa adresu wydawniczego [ , ]
    • a
    • Miejsce wydania (P)
    • Stuttgart, Jena : UTB für Wissenschaft :
    • b
    • Nazwa wydawcy (P)
    • Fischer,
    • c
    • Data wydania (P)
    • 1992.
300 -Strefa opisu fizycznego [ , ]
    • a
    • Określenie formy książki i/lub objętość (NP)
    • XIX, 952 s. :
    • b
    • Oznaczenie ilustracji (NP)
    • il. :
    • c
    • Format (NP)
    • 18 cm.
490 -Strefa serii i książki wielotomowej - forma nie do wyszukiwania [0, ]
    • a
    • Tytuł (P)
    • (Grundwissen der Ökonomik : Betriebswirtschaftslehre) Find
490 -Strefa serii i książki wielotomowej - forma nie do wyszukiwania [0, ]
    • a
    • Tytuł (P)
    • (UTB für Wissenschaft : Uni-Taschenbücher ; Find
    • v
    • Numeracja (P)
    • 802)
500 -Uwaga ogólna [ , ]
    • a
    • Uwaga ogólna (NP)
    • Ind
080 -Uniwersalna Klasyfikacja Dziesiętna [ , ]
    • a
    • Symbol klasyfikacji
    • 330.47=30
980 -Symbol UKD [ , ]
    • a
    • UKD
    • 330.47=30
920 -ISBN [ , ]
    • a
    • ISBN
    • 3-8252-0802-8 Find
    • z
    • Błędny ISBN
    • 3-437-40286-2 Find
Numer inwentarzowy Sygnatura Status udost. Data inwentaryzacji Lokalizacja
S.92194FUNDACJA POLSKO-NIEMIECKA-22006-01-11BE